| 000 | 00887 a2200217 4500 | ||
|---|---|---|---|
| 001 | 27051 | ||
| 005 | 20260407155547.0 | ||
| 008 | 260407a1988 arg spa d | ||
| 003 | AR-UNSa-BCEJYS | ||
| 040 |
_aAR-UNSa-BCEJYS _bspa _cAR-UNSa-BCEJYS |
||
| 080 |
_a347.736 _xQuiebra. Insolvencia. Suspensión de pagos. Bancarrota, procedimientos. Derecho Concursal |
||
| 245 | 1 | 0 |
_aConcursos _pteoría y práctica de la ley 19.551 |
| 020 | _a950-14-0459-5 | ||
| 250 | _a3a. ed | ||
| 264 | 1 |
_aBuenos Aires : _bDepalma _c1988 |
|
| 300 |
_a506 p. _c23 cm. |
||
| 505 | _aParte I: De los concursos: 1. Principios generales - 2. Concurso preventivo - 3. Quiebra - 4. Concurso de la liquidación administrativa - 5. Disposiciones comunes - Parte II: Disposiciones complementarias y transitorias - Anexo. | ||
| 942 | _cBK | ||
| 590 | _aniveau_biblio:m niveau_hierar:0 | ||
| 100 | 1 | _aFusaro, Bertelio | |
| 999 |
_c1536 _d1536 |
||